| 000 | 00885cam a22002897a 4500 | ||
|---|---|---|---|
| 003 | CHAP | ||
| 005 | 20220329134347.0 | ||
| 008 | 971013s1971 r 00010 d | ||
| 010 | _a19339 | ||
| 011 | _a20311 | ||
| 035 | _a24399 | ||
| 040 | _cCHAP | ||
| 090 | _aFolleto 8610 | ||
| 110 |
_aAmerican National Standards Institute _95262 |
||
| 245 | 0 | _aAmerican national ntandard for writing abstracts | |
| 260 |
_aNew York, _c1971 |
||
| 300 | _a12 h | ||
| 590 |
_aBATCH-UPD _b10 _c20130110 _lUCH01 _h2152 |
||
| 590 |
_aBATCH-UPD _b10 _c20130410 _lUCH01 _h1500 |
||
| 590 |
_aBATCH-UPD _b10 _c20130914 _lUCH01 _h2051 |
||
| 590 |
_aCONVERSION _b10 _c20130109 _lUCH01 _h1312 |
||
| 650 | 1 | 4 |
_aTrabajos cientÃficos _xResúmenes. _9114563 |
| 901 | _aBK | ||
| 942 | _cFOLL | ||
| 949 |
_aFolleto 8610 _bBC _cFOLL _d-56240 _eB _i24399 _si |
||
| 949 |
_aFolleto 8610 _bBC _cFOLL _d-56241 _eB _fc.2 _i24399 _si |
||
| 999 |
_c19339 _d19339 |
||